Most Valuable Footballers Not In UEFA - Statistics

General Stats
  • This quiz has been taken 112 times
    37 since last reset
  • The average score is 9 of 23
Answer Stats
# Market Value League Club Nat. Answer % Correct
17 €18.00m 🇺🇸 Inter Miami 🇦🇷 Lionel Messi
94%
12 €20.00m 🇺🇸 Los Angeles FC 🇰🇷 Son Heung-min
75%
1 €45.00m 🇸🇦 Al-Qadsiah 🇮🇹 Mateo Retegui
63%
12 €20.00m 🇺🇸 LA Galaxy 🇪🇸 Riqui Puig
63%
22 €17.00m 🇸🇦 Al-Hilal SFC 🇷🇸 Sergej Milinković-Savić
63%
17 €18.00m 🇸🇦 Al-Hilal SFC 🇷🇸 Aleksandar Mitrović
59%
5 €25.00m 🇺🇸 Inter Miami 🇦🇷 Rodrigo de Paul
53%
12 €20.00m 🇸🇦 Al-Nassr FC 🇵🇹 João Félix
50%
8 €22.00m 🇸🇦 Al-Hilal SFC 🇧🇷 Malcom
41%
2 €35.00m 🇸🇦 Al-Hilal SFC 🇫🇷 Theo Hernandez
41%
3 €30.00m 🇸🇦 Al-Ittihad Club 🇫🇷 Moussa Diaby
38%
7 €23.00m 🇸🇦 Al-Nassr FC 🇫🇷 Mohamad Simakan
34%
12 €20.00m 🇸🇦 NEOM SC 🇵🇱 Marcin Bulka
31%
12 €20.00m 🇧🇷 Palmeiras 🇧🇷 Vitor Roque
31%
6 €24.00m 🇸🇦 Al-Ahli SFC 🇧🇷 Galeno
25%
17 €18.00m 🇸🇦 Al-Hilal SFC 🇧🇷 Marcos Leonardo
25%
4 €28.00m 🇧🇷 Botafogo 🇧🇷 Danilo
19%
8 €22.00m 🇧🇷 Flamengo 🇧🇷 Pedro
19%
22 €17.00m 🇸🇦 Al-Ahli SFC 🇧🇷 Roger Ibañez
19%
17 €18.00m 🇺🇸 Atlanta United FC 🇨🇮 Emmanuel Latte Lath
16%
17 €18.00m 🇧🇷 Flamengo 🇺🇾 Nicolás de la Cruz
16%
8 €22.00m 🇧🇷 Flamengo 🇧🇷 Samuel Lino
13%
8 €22.00m 🇧🇷 Corinthians 🇧🇷 Yuri Alberto
9%
No matching quizzes found
Score Distribution
Percent of People with Each Score
Percentile by Number Answered
Your Score History
You have not taken this quiz since the last reset